| 000 | 01267cam a22003854i 4500 | ||
|---|---|---|---|
| 003 | PE-LiUPU | ||
| 005 | 20250731173220.0 | ||
| 008 | 150625s r 000 0 d | ||
| 035 | _a(Sirsi) a33477 | ||
| 040 |
_aPE-LiUPU _bspa _cPE-LiUPU _erda |
||
| 082 | 0 | 4 |
_a224 _bN322f _223 |
| 100 | 1 |
_aNavarro Monzó, Julio, _eautor. _95698 |
|
| 245 | 1 | 3 |
_aEl final del profetismo / _cpor Julio Navarro Monzó. |
| 264 | 1 |
_aMontevideo : _bFederación Sudamericana de Asociaciones Cristianas de Jóvenes, _c1926. |
|
| 300 |
_a157 páginas : _c17 centímetros |
||
| 336 |
_atext _2rdacontent |
||
| 337 |
_aunmediated _2rdamedia |
||
| 338 |
_avolume _2rdacarrier |
||
| 505 | _aEl profetismo en el cautiverio -- Ezequiel -- Los profetas del retorno -- Los persas y el Deutero-Isaías -- El retorno del cautiverio -- Nehemías, Esdras: El Levítico -- El final del dominio persa: Job y Jonás. | ||
| 526 | _aSEG42 | ||
| 526 | _aSEG41 | ||
| 526 | _aSEG40 | ||
| 526 | _aSEG39 | ||
| 526 | _aP94 | ||
| 526 | _aP87 | ||
| 526 | _aP86 | ||
| 526 | _aP85 | ||
| 526 | _aP77 | ||
| 526 | _aP76 | ||
| 526 | _aP35 | ||
| 650 | 1 | 4 |
_aProfetismo bíblico _xHistoria. _95699 |
| 942 |
_2ddc _cBK |
||
| 999 |
_c41228 _d41228 |
||
| 980 |
_81 _gALBERTO SANCHEZ Responsable de Automatización |
||